[Event "Corr"]
[Site "?"]
[Date "2000.10.01"]
[Round "?"]
[White "Peters Andreas"]
[Black "Morton Peter S"]
[Result "1-0"]
[WhiteElo "2341"]
[BlackElo "2060"]
[PlyCount "37"]
[EventDate "2000.??.??"]
[Source "www.chesslib.no"]
[SourceDate "2004.05.04"]

1. d4 e5 2. dxe5 Nc6 3. Nf3 g6 4. c3 Bg7 5. Bf4 b6 6. e3 Bb7 7. Bc4 Nge7 8. O-O O-O 9. Nbd2 Na5 10. Bd3 Bc6 11. b4 Nb7 12. Ne4 d5 13. Nf6+ Kh8 14. Ng5 h6 15. Ngh7 Ng8 16. Nxf8 Qxf8 17. b5 Be8 18. Nxd5 Qc5 19. Qf3 1-0

[Event "Wch U20"]
[Site "Graz"]
[Date "1978.??.??"]
[Round "10"]
[White "Duchesne, EL."]
[Black "Taruffi, Daniele"]
[Result "1/2-1/2"]
[WhiteElo "2200"]
[BlackElo "2200"]
[PlyCount "103"]
[EventDate "1978.09.??"]
[Source "ChessBase"]

1. d4 e5 2. dxe5 Nc6 3. Nf3 Qe7 4. Nc3 Nxe5 5. Bf4 Nxf3+ 6. gxf3 Qb4 7. Qd2 d6 8. O-O-O Be6 9. e4 O-O-O 10. Be3 Qa5 11. Kb1 Ne7 12. f4 f5 13. f3 Rg8 14. Qf2 Nc6 15. Nd5 g6 16. Rd3 fxe4 17. fxe4 Qa4 18. Bg2 Bg7 19. Ra3 Qb5 20. Rb3 Qa4 21. Rd1 Rde8 22. Ra3 Qb5 23. c3 Qc4 24. Qf3 Rgf8 25. Bf1 Bxd5 26. exd5 Qe4+ 27. Qxe4 Rxe4 28. Bc1 Nd8 29. Bd3 Re7 30. Rxa7 Ref7 31. Ra4 c6 32. dxc6 bxc6 33. Re4 d5 34. Re2 Kd7 35. Rde1 Kd6 36. Re8 Rxe8 37. Rxe8 Ne6 38. Ra8 Nxf4 39. Bxf4+ Rxf4 40. Ra7 Be5 41. Rxh7 g5 42. h3 Rh4 43. Rxh4 gxh4 44. Kc2 d4 45. b4 dxc3 46. Be4 c5 47. b5 Kc7 48. Kb3 Kb6 49. Kc4 Bg7 50. a4 Bd4 51. Bc2 Ka5 52. Bd1 1/2-1/2

[Event "Corr"]
[Site "?"]
[Date "1997.11.01"]
[Round "?"]
[White "Ceterski Tom (USA)"]
[Black "Lykke Hans Chr.(DEN)"]
[Result "0-1"]
[WhiteElo "2200"]
[BlackElo "2200"]
[PlyCount "36"]
[EventDate "1997.??.??"]
[Source "www.chesslib.no"]
[SourceDate "2004.05.04"]

1. d4 e5 2. d5 Bc5 3. e4 Nf6 4. Bd3 c6 5. c4 Qb6 6. Qe2 d6 7. h3 Na6 8. Nf3 Nb4 9. O-O Nh5 10. Rd1 Ng3 11. Qe1 f5 12. Nc3 Nxd3 13. Rxd3 O-O 14. Rd2 Nxe4 15. Nxe4 fxe4 16. Qxe4 Bf5 17. Qh4 e4 18. Ng5 e3 0-1

[Event "HUN-chT3 9899"]
[Site "?"]
[Date "1999.02.14"]
[Round "7"]
[White "Csala Imre"]
[Black "Sebok Istvan"]
[Result "1-0"]
[WhiteElo "2260"]
[BlackElo "2132"]
[PlyCount "53"]
[EventDate "1999.??.??"]
[Source "www.chesslib.no"]
[SourceDate "2004.05.04"]

1. d4 e5 2. dxe5 d6 3. Bf4 Nc6 4. exd6 Qf6 5. Qc1 Bxd6 6. Bxd6 Qxd6 7. Nf3 Bf5 8. c3 O-O-O 9. Na3 Nge7 10. e3 f6 11. Be2 g5 12. O-O Ng6 13. Nb5 Qe7 14. Nfd4 Nxd4 15. Nxd4 Bd7 16. b4 Nh4 17. Re1 Rhg8 18. Bc4 Rg6 19. e4 Qe5 20. Qe3 Re8 21. Bf7 Rh6 22. Bxe8 Qxe8 23. e5 Qh5 24. e6 Be8 25. e7 f5 26. Rad1 b6 27. Qe2 1-0

[Event "Heves Fregatt op 4th"]
[Site "?"]
[Date "2001.06.15"]
[Round "2.3"]
[White "Bodi Tamas"]
[Black "Eberth Zoltan"]
[Result "0-1"]
[WhiteElo "2222"]
[BlackElo "2170"]
[PlyCount "120"]
[EventDate "2001.??.??"]
[Source "www.chesslib.no"]
[SourceDate "2004.05.04"]

1. d4 e5 2. dxe5 Nc6 3. Nf3 f6 4. Nc3 fxe5 5. e4 Nf6 6. Bg5 Bb4 7. Bc4 h6 8. Bxf6 Qxf6 9. a3 Bxc3+ 10. bxc3 d6 11. Rb1 Na5 12. Qd5 Nxc4 13. Qxc4 Qf7 14. Qb5+ Qd7 15. Qxd7+ Kxd7 16. Ke2 b6 17. Ke3 Ke6 18. Rhd1 g5 19. Ne1 g4 20. Nd3 a5 21. f4 gxf3 22. gxf3 Bb7 23. Rg1 Rhg8 24. Rg3 Rg5 25. Rbg1 Rag8 26. Nf2 d5 27. Nh3 Rxg3 28. Rxg3 Rxg3 29. hxg3 dxe4 30. fxe4 Kd6 31. Nf2 h5 32. Nh3 Kc5 33. Ng5 Kc4 34. Kd2 Kb5 35. Kc1 Bc6 36. Nf7 Bxe4 37. Nxe5 Kc5 38. Kd2 b5 39. Nf7 Kd5 40. Ng5 Ke5 41. Nh3 a4 42. Nf2 c5 43. Nd1 Bg6 44. Nb2 Ke4 45. Ke2 Bf7 46. Nd3 Bc4 47. Kd2 Kf3 48. Nxc5 Kxg3 49. Ke3 h4 50. Ne4+ Kg2 51. Ng5 h3 52. Nxh3 Kxh3 53. Kf3 Bb3 54. c4 b4 55. cxb3 bxa3 56. bxa4 a2 57. Ke4 a1=Q 58. c5 Qxa4+ 59. Kd5 Qd7+ 60. Kc4 Kg4 0-1

[Event "AUT"]
[Site "?"]
[Date "1998.??.??"]
[Round "3"]
[White "Lehocky Viktor"]
[Black "Starostits Ilmars"]
[Result "1-0"]
[WhiteElo "2065"]
[BlackElo "2325"]
[PlyCount "53"]
[EventDate "1998.??.??"]
[Source "www.chesslib.no"]
[SourceDate "2004.05.04"]

1. d4 e5 2. dxe5 Nc6 3. Nf3 Qe7 4. g3 Nxe5 5. Nxe5 Qxe5 6. Bg2 Bc5 7. Nc3 Nf6 8. Bf4 Qe7 9. O-O d6 10. Bg5 Qe5 11. Bf4 Qh5 12. Ne4 Nxe4 13. Bxe4 O-O 14. Qd2 Bg4 15. Bxb7 Rab8 16. Qd5 g5 17. Bd2 Bxe2 18. Rfe1 Rfe8 19. Bc3 Re6 20. Bc6 Qg6 21. Qd2 Bc4 22. b3 Rxe1+ 23. Rxe1 Be6 24. Be4 Bf5 25. Qd3 Bxe4 26. Qxe4 g4 27. Qe8+ 1-0

[Event "Passau op 7th"]
[Site "?"]
[Date "1999.04.03"]
[Round "4"]
[White "Kampmann Lutz"]
[Black "Vogel Robert"]
[Result "0-1"]
[WhiteElo "2098"]
[BlackElo "2290"]
[PlyCount "88"]
[EventDate "1999.??.??"]
[Source "www.chesslib.no"]
[SourceDate "2004.05.04"]

1. d4 e5 2. dxe5 Nc6 3. Nf3 Qe7 4. Bf4 Qb4+ 5. Bd2 Qxb2 6. Nc3 Bb4 7. Rb1 Qa3 8. Rb3 Qa5 9. a3 Bxc3 10. Bxc3 Qc5 11. e3 Nge7 12. Bd3 Ng6 13. Qa1 Qe7 14. h4 Nf8 15. Nd4 Ne6 16. Nf5 Qf8 17. Bb4 Qg8 18. Be4 a5 19. Bxc6 axb4 20. Bf3 Qf8 21. O-O Rxa3 22. Rxa3 bxa3 23. Qxa3 g6 24. Ng3 Qc5 25. Qxc5 Nxc5 26. Ra1 Kd8 27. Bd5 Rf8 28. Ra3 f6 29. exf6 Rxf6 30. Rc3 d6 31. f3 Be6 32. Rxc5 dxc5 33. Ne4 Rxf3 34. Bxe6 Rxe3 35. Ng5 h6 36. Kf2 Rc3 37. Ne4 Rxc2+ 38. Kf3 Ke7 39. Bg8 b5 40. g3 c4 41. Bh7 b4 42. Bxg6 b3 43. Ke3 b2 44. Nd2 Rc1 0-1

[Event "Foment Open"]
[Site "Barcelona ESP"]
[Date "1992.??.??"]
[Round "?"]
[White "Castany Pampalona, Luis M"]
[Black "Jerez Perez, Alfonso"]
[Result "0-1"]
[WhiteElo "2070"]
[BlackElo "2315"]
[PlyCount "78"]
[EventDate "1992.??.??"]
[Source "www.chesslib.no"]
[SourceDate "2004.05.04"]

1. d4 e5 2. dxe5 Nc6 3. Nf3 Qe7 4. Nc3 Nxe5 5. Nxe5 Qxe5 6. e4 Bb4 7. Bd3 Bxc3+ 8. bxc3 Qxc3+ 9. Bd2 Qc6 10. O-O Ne7 11. f4 f5 12. exf5 O-O 13. Qh5 Nxf5 14. Rae1 g6 15. Qh3 d5 16. g4 Ng7 17. f5 Bd7 18. fxg6 h5 19. Qh4 Bxg4 20. Qg5 Rxf1+ 21. Rxf1 Rf8 22. Qh6 Rxf1+ 23. Bxf1 Qf6 24. Qh7+ Kf8 25. Qh8+ Ke7 26. Bg5 Qxg5 27. Qxg7+ Kd6 28. Qf8+ Ke5 29. g7 Qe3+ 30. Qf2 Qxf2+ 31. Kxf2 Be6 32. Be2 h4 33. Ke3 Kf6 34. Bg4 Bf7 35. Kf4 Kxg7 36. Kg5 d4 37. a3 Bg6 38. Bf5 Bxf5 39. Kxf5 c5 0-1

[Event "FRA-ch accession"]
[Site "?"]
[Date "1996.??.??"]
[Round "1"]
[White "Duquesnoy Jean Philip"]
[Black "Martine Jean Christophe"]
[Result "1-0"]
[WhiteElo "2225"]
[BlackElo "2150"]
[PlyCount "49"]
[EventDate "1996.??.??"]
[Source "www.chesslib.no"]
[SourceDate "2004.05.04"]

1. d4 e5 2. dxe5 d6 3. Bf4 Nc6 4. exd6 Qf6 5. Qc1 Bf5 6. Qe3+ Be6 7. Nc3 Nd4 8. O-O-O Nf5 9. d7+ Kd8 10. Qd2 h6 11. e4 Nd4 12. e5 Qg6 13. Qxd4 Ne7 14. Bd3 Bf5 15. Nf3 Nc6 16. Bxf5 Qxf5 17. Qe4 Qe6 18. Nd4 Nxd4 19. Rxd4 c6 20. Rhd1 Bc5 21. R4d3 Bxf2 22. Rd6 Qe7 23. e6 g5 24. Rxc6 gxf4 25. Qe5 1-0

[Event "Bucharest Winter Cup"]
[Site "Bucharest"]
[Date "2001.12.15"]
[Round "5"]
[White "Solcanean, Serghei"]
[Black "Osman, Mihai"]
[Result "1-0"]
[WhiteElo "2236"]
[BlackElo "2138"]
[PlyCount "81"]
[EventDate "2001.12.11"]
[Source "ChessBase"]
[SourceDate "2002.01.21"]

1. d4 e5 2. dxe5 Nc6 3. e4 Nxe5 4. f4 Ng6 5. Nf3 Bc5 6. Bc4 Qe7 7. Nc3 Nf6 8. Qe2 Bb4 9. e5 Nh5 10. g3 d5 11. Bxd5 Bxc3+ 12. bxc3 Bg4 13. Be3 O-O-O 14. Bb3 f6 15. e6 f5 16. O-O Nf6 17. Qc4 Ne4 18. Nd4 a6 19. Nc6 Qd6 20. Nxd8 Rxd8 21. Qd4 c5 22. Qxd6 Rxd6 23. a4 a5 24. Kg2 Ne7 25. h3 Bh5 26. Rae1 b6 27. Bc1 Be8 28. g4 Bc6 29. Kh2 g6 30. Re3 c4 31. Bxc4 Bxa4 32. Kg1 b5 33. Ba2 Kd8 34. Ba3 Rd2 35. Rxe4 fxe4 36. f5 b4 37. f6 Ke8 38. f7+ Kf8 39. cxb4 e3 40. bxa5 Rd8 41. Re1 1-0

[Event "HUN-chT2 0102"]
[Site "?"]
[Date "2002.02.10"]
[Round "7"]
[White "Koczka Zsolt"]
[Black "Hegedus Peter"]
[Result "1-0"]
[WhiteElo "2251"]
[BlackElo "2119"]
[PlyCount "43"]
[EventDate "2002.??.??"]
[Source "www.chesslib.no"]
[SourceDate "2004.05.04"]

1. d4 e5 2. dxe5 Nc6 3. Nf3 Qe7 4. g3 Nxe5 5. Nxe5 Qxe5 6. Bg2 c6 7. O-O d5 8. e4 dxe4 9. Bxe4 Be6 10. Re1 Qf6 11. Qe2 Bc5 12. Nc3 Ne7 13. Bg2 Bf5 14. Bf4 O-O 15. Na4 Bb6 16. Nxb6 axb6 17. Qxe7 Qxb2 18. Qxb7 Bxc2 19. Qxc6 Rfc8 20. Qd7 Ba4 21. Qg4 Bc6 22. Be5 1-0

[Event "HUN-chT2 0102"]
[Site "?"]
[Date "2001.11.18"]
[Round "3"]
[White "Feher Attila"]
[Black "Hegedus Peter"]
[Result "1-0"]
[WhiteElo "2243"]
[BlackElo "2119"]
[PlyCount "85"]
[EventDate "2001.??.??"]
[Source "www.chesslib.no"]
[SourceDate "2004.05.04"]

1. d4 e5 2. dxe5 Nc6 3. Nf3 Qe7 4. g3 Nxe5 5. Nxe5 Qxe5 6. Bg2 c6 7. c4 Nf6 8. O-O d5 9. cxd5 Nxd5 10. e4 Nf6 11. Nc3 Bc5 12. Na4 Be7 13. Bf4 Qh5 14. Qxh5 Nxh5 15. Be3 O-O 16. Rfd1 f5 17. exf5 Bxf5 18. Nc5 Bc8 19. Nxb7 Rb8 20. Na5 Rxb2 21. Bd4 Rc2 22. Nxc6 Bf6 23. Bxf6 Nxf6 24. Rac1 Rxc1 25. Rxc1 Be6 26. a4 a6 27. a5 Bd7 28. Bf1 Ne4 29. f4 Rf6 30. Ne5 g5 31. Nxd7 Rd6 32. Ne5 gxf4 33. Rc8+ Kg7 34. Rc7+ Kf6 35. gxf4 Kf5 36. Rf7+ Nf6 37. Bh3+ Kxf4 38. Nd7 Kg5 39. Rxf6 Rxf6 40. Nxf6 Kxf6 41. Bc8 Ke5 42. Bxa6 Kd4 43. Bb7 1-0

[Event "Passau op 7th"]
[Site "?"]
[Date "1999.04.02"]
[Round "2"]
[White "Merz Martin"]
[Black "Vogel Robert"]
[Result "0-1"]
[WhiteElo "2070"]
[BlackElo "2290"]
[PlyCount "78"]
[EventDate "1999.??.??"]
[Source "www.chesslib.no"]
[SourceDate "2004.05.04"]

1. d4 e5 2. e3 Nc6 3. Nf3 Qe7 4. Be2 d6 5. d5 Nd8 6. O-O g6 7. c4 Bg7 8. Nc3 f5 9. b3 Nf6 10. Bb2 Nf7 11. Rc1 O-O 12. Re1 g5 13. b4 g4 14. Nd2 Bh6 15. c5 f4 16. exf4 Bxf4 17. Bd3 Ng5 18. Rc2 Qg7 19. Nde4 Qh6 20. Ng3 Bd7 21. Bc1 Kh8 22. Bb5 Qh4 23. Bxd7 Nxd7 24. Nce4 Nxe4 25. Rxe4 Rf6 26. c6 bxc6 27. dxc6 Nf8 28. Rxf4 exf4 29. Ne4 Re6 30. Qd4+ Kg8 31. Bxf4 Qe7 32. f3 Re8 33. Qxa7 gxf3 34. gxf3 Rg6+ 35. Rg2 Qf7 36. Bg5 Re5 37. Nxd6 Qxf3 38. Qf2 Qd1+ 39. Qf1 Re1 0-1

[Event "CSR Ch women"]
[Site "Pardubice CZE"]
[Date "1991.??.??"]
[Round "?"]
[White "Kubikova, Hana"]
[Black "Svobodova, Michaela"]
[Result "1-0"]
[WhiteElo "2090"]
[BlackElo "2260"]
[PlyCount "107"]
[EventDate "1991.??.??"]
[Source "www.chesslib.no"]
[SourceDate "2004.05.04"]

1. d4 e5 2. dxe5 Nc6 3. Nf3 Qe7 4. Nc3 Nxe5 5. Nxe5 Qxe5 6. a3 c6 7. g3 d5 8. Bf4 Qe6 9. Bg2 Nf6 10. O-O Be7 11. Qd3 O-O 12. Rad1 Qf5 13. e4 dxe4 14. Nxe4 Nxe4 15. Bxe4 Qh5 16. Bf3 Qg6 17. Qb3 Bc5 18. Rfe1 Qf6 19. Be5 Qf5 20. Bd4 Be6 21. Qc3 Bxd4 22. Rxd4 Rad8 23. Bg4 Qf6 24. Rxd8 Rxd8 25. Qxf6 gxf6 26. Bxe6 fxe6 27. Rxe6 Kf7 28. Re2 a5 29. f4 a4 30. Kf2 b5 31. c3 Rd3 32. Ke1 Rd6 33. Rd2 Re6+ 34. Kf2 Re4 35. Rd7+ Kg6 36. Rd6 Rc4 37. Ke3 h6 38. g4 Kg7 39. h4 Rc5 40. Rd7+ Kg8 41. h5 Rc4 42. Rd4 Rc5 43. Ke4 Kf8 44. Rd7 Kg8 45. Rc7 Kf8 46. Rh7 Rd5 47. Rxh6 Kg7 48. Rg6+ Kf7 49. g5 fxg5 50. fxg5 Rd2 51. Rxc6 Rxb2 52. g6+ Kg7 53. Rc7+ Kf8 54. h6 1-0

[Event "A/E-H/08"]
[Site "?"]
[Date "2000.??.??"]
[Round "?"]
[White "Bottino Alexiei"]
[Black "Parisi Cosimo"]
[Result "1/2-1/2"]
[WhiteElo "2205"]
[BlackElo "2145"]
[PlyCount "63"]
[EventDate "2000.??.??"]
[Source "www.chesslib.no"]
[SourceDate "2004.05.04"]

1. d4 e5 2. dxe5 Nc6 3. Nf3 Qe7 4. Bf4 Qb4+ 5. Bd2 Qxb2 6. Nc3 Bb4 7. Rb1 Qa3 8. Nb5 Qa5 9. Nxc7+ Qxc7 10. Rxb4 Nxb4 11. Bxb4 d5 12. exd6 Qb6 13. Qd4 Qxd4 14. Nxd4 Nf6 15. e4 a6 16. Bd3 Be6 17. Nxe6 fxe6 18. Ke2 Rc8 19. f3 Nd7 20. f4 e5 21. g3 h5 22. h4 Rf8 23. Ke3 Rf6 24. Rd1 Rg6 25. Kf3 Rf6 26. f5 g6 27. g4 hxg4+ 28. Kxg4 gxf5+ 29. exf5 a5 30. Ba3 Rc3 31. Bb2 Rc5 32. Kg5 1/2-1/2

[Event "Heves Fregatt op 3rd"]
[Site "?"]
[Date "2001.06.10"]
[Round "7.4"]
[White "Sapi Janos"]
[Black "Eberth Zoltan"]
[Result "0-1"]
[WhiteElo "2175"]
[BlackElo "2170"]
[PlyCount "64"]
[EventDate "2001.??.??"]
[Source "www.chesslib.no"]
[SourceDate "2004.05.04"]

1. d4 e5 2. dxe5 Nc6 3. Nf3 Qe7 4. Nbd2 Nxe5 5. Nxe5 Qxe5 6. Nf3 Qe6 7. g3 Bc5 8. Bg2 Nf6 9. O-O O-O 10. e3 d5 11. Nd4 Qe7 12. Qd3 Be6 13. Bd2 Rae8 14. a3 a6 15. Nb3 Bd6 16. Nd4 Qd7 17. Nxe6 fxe6 18. Rad1 Qf7 19. c4 c6 20. Bc3 Ng4 21. Qe2 h5 22. e4 Bc5 23. Bd4 Bxd4 24. Rxd4 b5 25. cxd5 exd5 26. Qc2 Qf6 27. Qc5 Nxf2 28. exd5 Qg5 29. Rxf2 Qe3 30. Qc2 Qxd4 31. dxc6 Re1+ 32. Bf1 Rc1 0-1

[Event "Plzen, FSB A"]
[Site "?"]
[Date "2003.??.??"]
[Round "1.28"]
[White "Studnicka Tomas"]
[Black "Vinklarek Ondrej"]
[Result "1/2-1/2"]
[WhiteElo "2282"]
[BlackElo "2061"]
[PlyCount "55"]
[EventDate "2003.??.??"]
[Source "www.chesslib.no"]
[SourceDate "2004.05.04"]

1. d4 e5 2. dxe5 Nc6 3. e4 Bc5 4. Nf3 Qe7 5. Bf4 f6 6. Nc3 Bb4 7. Bd2 Bxc3 8. Bxc3 fxe5 9. Bc4 d6 10. O-O Be6 11. Bxe6 Qxe6 12. Ng5 Qg6 13. f4 h6 14. Nf3 O-O-O 15. f5 Qf7 16. Qe2 Nf6 17. b4 Rhe8 18. Rfd1 d5 19. b5 Nxe4 20. Bb2 Na5 21. Nxe5 Qxf5 22. Rf1 Qe6 23. Rad1 g5 24. Qe3 b6 25. Rfe1 Qf5 26. Rf1 Qe6 27. Rfe1 Qf5 28. Rf1 1/2-1/2

[Event "It (open) \"]
[Site "Mielno (Poland)"]
[Date "2007.06.24"]
[Round "8"]
[White "Kusina Jan (POL)"]
[Black "Nowak Ryszard (POL)"]
[Result "1-0"]
[WhiteElo "2147"]
[BlackElo "2188"]
[PlyCount "135"]
[EventDate "2007.??.??"]
[Source "www.chesslib.no"]
[SourceDate "2004.05.04"]

1. d4 e5 2. dxe5 Nc6 3. Nf3 Qe7 4. Qd5 h6 5. h4 Qb4+ 6. Nbd2 Nge7 7. Qc4 Ng6 8. h5 Ngxe5 9. Nxe5 Nxe5 10. Qxc7 Bd6 11. c3 Bxc7 12. cxb4 d5 13. Nf3 Nxf3+ 14. gxf3 Bf5 15. Bh3 Bxh3 16. Rxh3 Be5 17. f4 Bf6 18. Rd3 Rd8 19. Rb1 Ke7 20. b3 Rd6 21. b5 Ke6 22. a4 Rd7 23. Bd2 Rc8 24. Rc1 Rxc1+ 25. Bxc1 d4 26. f3 Rd5 27. Bb2 Rxh5 28. Bxd4 Bxd4 29. Rxd4 Rd5 30. Rc4 Kd7 31. Rc3 Rd4 32. e3 Rd5 33. e4 Rd6 34. Ke2 h5 35. Rc5 Rh6 36. Kf2 h4 37. Kg2 h3+ 38. Kh2 Rd6 39. Rc3 Rh6 40. Rd3+ Ke7 41. Rd5 g6 42. Rg5 Rh8 43. Re5+ Kd7 44. f5 gxf5 45. Rxf5 Ke6 46. Rc5 Kd6 47. b4 Kd7 48. Rc2 Rh6 49. Kg3 Rd6 50. Kxh3 Rd4 51. Rb2 Ke6 52. Kg3 f5 53. Kf4 fxe4 54. fxe4 Rc4 55. Rb3 Rd4 56. a5 Rc4 57. a6 b6 58. Rh3 Rxb4 59. Rh6+ Kd7 60. Rh7+ Kd6 61. Rxa7 Rxb5 62. Rh7 Ra5 63. a7 b5 64. e5+ Ke6 65. Rh6+ Ke7 66. Kf5 Kf7 67. Rh7+ Kg8 68. Rb7 1-0

[Event "2. American Continental"]
[Site "?"]
[Date "2003.08.21"]
[Round "4"]
[White "Lemos Damian"]
[Black "Lopez Rebert Pablo"]
[Result "1-0"]
[WhiteElo "2206"]
[BlackElo "2116"]
[PlyCount "107"]
[EventDate "2003.??.??"]
[Source "www.chesslib.no"]
[SourceDate "2004.05.04"]

1. d4 e5 2. dxe5 Nc6 3. Nf3 Qe7 4. e3 Nxe5 5. Nxe5 Qxe5 6. Qd4 Qh5 7. Be2 Qg6 8. O-O Nf6 9. Qe5+ Be7 10. Qxc7 O-O 11. Bd3 Qh5 12. Nc3 Bd8 13. Qg3 d5 14. Bd2 Be6 15. Ne2 Ne4 16. Bxe4 Qxe2 17. Bc3 f6 18. Qd6 Bf7 19. Bxh7+ Kxh7 20. Qxf8 Qh5 21. Qd6 Rc8 22. Qg3 Rc4 23. Bd4 Be6 24. c3 Bc7 25. f4 Bf5 26. h3 a6 27. Qf3 Qg6 28. Qf2 Be4 29. Qh4+ Kg8 30. Qg4 Qf7 31. Rac1 f5 32. Qe2 Rc6 33. Rf3 Bxf3 34. Qxf3 Qd7 35. Rd1 Re6 36. c4 dxc4 37. Be5 Qc8 38. Bxc7 Qxc7 39. Qd5 Qc6 40. Qxf5 Rg6 41. Qd5+ Kh7 42. Qxc6 Rxc6 43. Kf2 b5 44. Rc1 b4 45. e4 a5 46. Ke3 a4 47. e5 c3 48. bxc3 Rc4 49. g3 a3 50. Kd3 Rc8 51. Rc2 Kg6 52. cxb4 Rb8 53. Rc3 Rxb4 54. Rxa3 1-0

[Event "X Torneo IHEM"]
[Site "Hamburg GER"]
[Date "2007.05.26"]
[Round "1"]
[White "Zierke, O."]
[Black "Faika, M."]
[Result "1-0"]
[WhiteElo "2313"]
[BlackElo "2007"]
[PlyCount "51"]
[EventDate "2007.05.26"]
[Source "www.chesslib.no"]
[SourceDate "2004.05.04"]

1. d4 e5 2. dxe5 Nc6 3. Nf3 d6 4. Bg5 Qd7 5. exd6 Bxd6 6. e3 Qg4 7. Nbd2 f6 8. Bh4 Bf5 9. e4 Bxe4 10. Qe2 Kf8 11. Nxe4 Re8 12. O-O-O Rxe4 13. Qd3 Nb4 14. Qb3 a5 15. Bg3 Bxg3 16. hxg3 Qe6 17. Rd8+ Ke7 18. Qxe6+ Rxe6 19. Ra8 Rc6 20. c3 Rc5 21. Kb1 Nc6 22. Bd3 h5 23. Re1+ Kf7 24. Ree8 g5 25. Nd4 Nce7 26. Rf8+ 1-0

[Event "Corr"]
[Site "?"]
[Date "1996.??.??"]
[Round "?"]
[White "McLeod Fraser Neil"]
[Black "Felber Robert J"]
[Result "1/2-1/2"]
[WhiteElo "1985"]
[BlackElo "2335"]
[PlyCount "74"]
[EventDate "1996.??.??"]
[Source "www.chesslib.no"]
[SourceDate "2004.05.04"]

1. d4 e5 2. dxe5 Nc6 3. Nf3 Qe7 4. Qd5 f6 5. exf6 Nxf6 6. Qb3 d5 7. Nc3 Bd7 8. Nb5 O-O-O 9. a4 a6 10. Nbd4 Qe4 11. Nxc6 Bxc6 12. Qd3 Bd6 13. e3 Rhf8 14. c3 Rde8 15. Qxe4 Nxe4 16. Bd3 Bd7 17. O-O h6 18. Nd2 g5 19. Nxe4 dxe4 20. Be2 h5 21. b4 Re5 22. Bd2 Ref5 23. c4 g4 24. b5 Be5 25. Rac1 R5f6 26. Bb4 R8f7 27. Rcd1 axb5 28. cxb5 Be6 29. a5 Rf5 30. a6 Kb8 31. axb7 Kxb7 32. Rc1 Bg7 33. Rc5 Rxc5 34. Bxc5 Rf5 35. Rc1 Bd7 36. Bf1 Rd5 37. Be2 Be5 1/2-1/2

[Event "BL2-O 9596"]
[Site "GER"]
[Date "1996.??.??"]
[Round "?"]
[White "Gallo, Jens"]
[Black "Gruebner, Christopher"]
[Result "1/2-1/2"]
[WhiteElo "2230"]
[BlackElo "2085"]
[PlyCount "53"]
[EventDate "1995.10.??"]
[Source "www.chesslib.no"]
[SourceDate "2004.05.04"]

1. d4 e5 2. dxe5 Nc6 3. Nf3 Qe7 4. g3 Nxe5 5. Nxe5 Qxe5 6. Bg2 c6 7. O-O h5 8. Bf4 Qxb2 9. Nd2 Qd4 10. e4 h4 11. Qe2 hxg3 12. Bxg3 Nf6 13. Rfd1 Nh5 14. Nc4 Nxg3 15. hxg3 Qc5 16. e5 d5 17. exd6+ Be6 18. d7+ Kd8 19. Ne5 Bd6 20. Rxd6 Qxd6 21. Rb1 Kc7 22. Rxb7+ Kxb7 23. Qb5+ Kc7 24. Qa5+ Kb7 25. Qb5+ Kc7 26. Qa5+ Kb7 27. Qb5+ 1/2-1/2

[Event "Box Hill CC-ch"]
[Site "?"]
[Date "2000.06.23"]
[Round "8.1"]
[White "Kildisas Victor E"]
[Black "Gluzman Mikhail"]
[Result "0-1"]
[WhiteElo "1822"]
[BlackElo "2486"]
[PlyCount "70"]
[EventDate "2000.??.??"]
[Source "www.chesslib.no"]
[SourceDate "2004.05.04"]

1. d4 e5 2. dxe5 Nc6 3. Nf3 Qe7 4. Nbd2 b6 5. e3 Bb7 6. Be2 g5 7. h3 Bg7 8. c3 h5 9. Nc4 Nh6 10. Qc2 g4 11. hxg4 hxg4 12. Nd4 O-O-O 13. Nxc6 Bxc6 14. e4 d6 15. exd6 cxd6 16. Be3 g3 17. O-O-O gxf2 18. Qb3 d5 19. Nd2 f5 20. Ba6+ Bb7 21. Bxb7+ Kxb7 22. Bxf2 Ng4 23. Rxh8 Bxh8 24. Bg1 dxe4 25. Nc4 Rxd1+ 26. Qxd1 Qe6 27. Qb3 Kb8 28. Qb4 Be5 29. Nxe5 Nxe5 30. Qf8+ Kb7 31. Qg7+ Ka6 32. Kb1 f4 33. Bd4 e3 34. b3 e2 35. Bf2 Nd3 0-1

[Event "Budapest HUN"]
[Site "?"]
[Date "1997.??.??"]
[Round "6"]
[White "Szeberenyi Adam"]
[Black "Dziadykiewcz Tadeusz"]
[Result "0-1"]
[WhiteElo "2225"]
[BlackElo "2075"]
[PlyCount "92"]
[EventDate "1997.??.??"]
[Source "www.chesslib.no"]
[SourceDate "2004.05.04"]

1. d4 e5 2. dxe5 Nc6 3. Nf3 Qe7 4. Bf4 Qb4+ 5. Bd2 Qxb2 6. Nc3 Bb4 7. Rb1 Qa3 8. Nd5 Bxd2+ 9. Qxd2 Rb8 10. Nxc7+ Kf8 11. e3 Qxa2 12. Qd6+ Nge7 13. Rd1 Qa5+ 14. Rd2 Qa1+ 15. Ke2 Qa5 16. g3 h5 17. Rd5 Qa4 18. e6 Rh6 19. Ng5 fxe6 20. Rc5 e5 21. Nge6+ dxe6 22. Bg2 Kf7 23. Nb5 Rf6 24. Bxc6 bxc6 25. Qxb8 Ba6 26. Qxe5 Bxb5+ 27. Rxb5 Qxb5+ 28. Qxb5 cxb5 29. Rb1 a6 30. f4 Nd5 31. Ra1 e5 32. fxe5 Rc6 33. Kd2 Ke6 34. e4 Nc3 35. Kd3 Kxe5 36. Rf1 Nxe4 37. Rf7 Rc3+ 38. Ke2 Rxc2+ 39. Kd3 Rc3+ 40. Ke2 Nxg3+ 41. hxg3 Rxg3 42. Ra7 g5 43. Rxa6 h4 44. Rb6 Rb3 45. Kf2 g4 46. Kg2 h3+ 0-1

[Event "Ch France (juniors)"]
[Site "?"]
[Date "2001.??.??"]
[Round "6"]
[White "Assad Karine"]
[Black "Mallet Celine"]
[Result "0-1"]
[WhiteElo "2128"]
[BlackElo "2169"]
[PlyCount "49"]
[EventDate "2001.??.??"]
[Source "www.chesslib.no"]
[SourceDate "2004.05.04"]

1. d4 e5 2. dxe5 Nc6 3. Nf3 Qe7 4. g3 Nxe5 5. Nxe5 Qxe5 6. Bg2 Nf6 7. O-O Bc5 8. c3 d6 9. Nd2 O-O 10. Nc4 Qh5 11. b4 Bb6 12. Nxb6 axb6 13. Re1 Re8 14. a4 d5 15. Bf4 c6 16. Ra2 Be6 17. Ra3 Bh3 18. Bh1 b5 19. a5 Re6 20. Ra2 Ne4 21. Qd4 g5 22. Bc1 Rh6 23. Bxe4 dxe4 24. Qxe4 Bc8 25. Ra1 0-1

[Event "Euskadi-ch15"]
[Site "Subijana de Alava"]
[Date "2001.04.19"]
[Round "3"]
[White "Manso Marquez, Felix"]
[Black "Argandona Rivero, Inigo"]
[Result "0-1"]
[WhiteElo "2050"]
[BlackElo "2243"]
[PlyCount "40"]
[EventDate "2001.04.17"]
[Source "www.chesslib.no"]
[SourceDate "2004.05.04"]

1. d4 e5 2. dxe5 Nc6 3. Nf3 Qe7 4. Qd5 f6 5. exf6 Nxf6 6. Qb3 Ne4 7. Nbd2 Nc5 8. Qe3 Qxe3 9. fxe3 Nb4 10. Kd1 Nd5 11. Nb3 Ne4 12. Rg1 c5 13. c4 Nb6 14. Nbd2 Nf2+ 15. Kc2 d5 16. b3 Bf5+ 17. e4 dxe4 18. Nh4 Bd7 19. g3 Be7 20. Bg2 g5 0-1

[Event "ESP-ch U20"]
[Site "?"]
[Date "1999.??.??"]
[Round "2"]
[White "Sanz Arilla Luis"]
[Black "Argandona Rivero Inigo"]
[Result "0-1"]
[WhiteElo "2059"]
[BlackElo "2224"]
[PlyCount "103"]
[EventDate "1999.??.??"]
[Source "www.chesslib.no"]
[SourceDate "2004.05.04"]

1. d4 e5 2. dxe5 Nc6 3. Nf3 Nge7 4. e4 Ng6 5. Nc3 Be7 6. Be3 O-O 7. Be2 Ncxe5 8. Nxe5 Nxe5 9. f4 Ng6 10. O-O d6 11. Bc4 c6 12. Qh5 b5 13. Bd3 Bf6 14. g4 Qe7 15. f5 Nh8 16. Rf3 g6 17. Qh3 a6 18. Raf1 Bd7 19. Qg2 g5 20. Qh3 Kg7 21. Qh5 Ng6 22. fxg6 fxg6 23. Qh3 Be5 24. Qg2 Be6 25. a3 h6 26. h3 Rf6 27. Rxf6 Bxf6 28. Qf2 c5 29. Nd1 Rf8 30. e5 Bxe5 31. Qxf8+ Qxf8 32. Rxf8 Kxf8 33. Bxg6 a5 34. c3 Bb3 35. Nf2 c4 36. Bb6 a4 37. Be3 d5 38. Kf1 Kg7 39. Bb1 b4 40. Bd2 bxa3 41. bxa3 Bd6 42. Bc1 Kf6 43. Ke2 Ke5 44. Nd1 Bf8 45. Ne3 d4 46. cxd4+ Kxd4 47. Bb2+ c3 48. Nf5+ Kd5 49. Bc1 Kc4 50. Bd3+ Kd5 51. h4 Ke5 52. h5 0-1